Applied statistics / (Record no. 184775)
[ view plain ]
| 000 -LEADER | |
|---|---|
| fixed length control field | 01066 a2200265 4500 |
| 003 - CONTROL NUMBER IDENTIFIER | |
| control field | Nust |
| 005 - DATE AND TIME OF LATEST TRANSACTION | |
| control field | 20230620134015.0 |
| 010 ## - LIBRARY OF CONGRESS CONTROL NUMBER | |
| LC control number | 92017067 |
| 020 ## - INTERNATIONAL STANDARD BOOK NUMBER | |
| International Standard Book Number | 0205134785 |
| 040 ## - CATALOGING SOURCE | |
| Transcribing agency | Nust |
| 082 00 - DEWEY DECIMAL CLASSIFICATION NUMBER | |
| Classification number | 519.5,NET |
| 100 1# - MAIN ENTRY--PERSONAL NAME | |
| Personal name | Neter, John. |
| 9 (RLIN) | 113163 |
| 245 10 - TITLE STATEMENT | |
| Title | Applied statistics / |
| Statement of responsibility, etc. | John Neter, William Wasserman, G.A. Whitmore. |
| 250 ## - EDITION STATEMENT | |
| Edition statement | 4th ed. |
| 260 ## - PUBLICATION, DISTRIBUTION, ETC. | |
| Place of publication, distribution, etc. | Englewood Cliffs, N.J. : |
| Name of publisher, distributor, etc. | Prentice Hall, |
| Date of publication, distribution, etc. | 1993. |
| 300 ## - PHYSICAL DESCRIPTION | |
| Extent | xvii, 989 p. : |
| Other physical details | ill. ; |
| Dimensions | 26 cm. |
| 505 ## - FORMATTED CONTENTS NOTE | |
| Formatted contents note | Data (Page-6),Probability (Page-75), Sampling and Sampling Distributions (Page-176), Estimation and Testing-I (Page-227), Estimation and Testing-II (Page-360), Linear Statistical Models (Page-434), Bayesian Decision Making (Page-550), Time Series Analysis and Index Numbers (Page-604). |
| 650 #0 - SUBJECT ADDED ENTRY--TOPICAL TERM | |
| Topical term or geographic name entry element | Economics |
| General subdivision | Statistical methods. |
| 9 (RLIN) | 124 |
| 650 #0 - SUBJECT ADDED ENTRY--TOPICAL TERM | |
| Topical term or geographic name entry element | Management |
| General subdivision | Statistical methods. |
| 9 (RLIN) | 34581 |
| 650 #0 - SUBJECT ADDED ENTRY--TOPICAL TERM | |
| Topical term or geographic name entry element | Social sciences |
| General subdivision | Statistical methods. |
| 650 #0 - SUBJECT ADDED ENTRY--TOPICAL TERM | |
| Topical term or geographic name entry element | Statistics. |
| 9 (RLIN) | 69 |
| 700 1# - ADDED ENTRY--PERSONAL NAME | |
| Personal name | Wasserman, William. |
| 9 (RLIN) | 113164 |
| 700 1# - ADDED ENTRY--PERSONAL NAME | |
| Personal name | Whitmore, G. A. |
| 9 (RLIN) | 113165 |
| 942 ## - ADDED ENTRY ELEMENTS (KOHA) | |
| Source of classification or shelving scheme | |
| Koha item type | Book |
| Withdrawn status | Lost status | Source of classification or shelving scheme | Damaged status | Not for loan | Permanent Location | Current Location | Shelving location | Date acquired | Full call number | Barcode | Date last seen | Price effective from | Koha item type | Public note | Collection code | Total Checkouts |
|---|---|---|---|---|---|---|---|---|---|---|---|---|---|---|---|---|
| Military College of Signals (MCS) | Military College of Signals (MCS) | General Stacks | 12/12/2016 | 310,NET | MCS27464 | 12/08/2016 | 12/12/2016 | Book | Almirah No.81, Shelf No.5 | |||||||
| Military College of Signals (MCS) | Military College of Signals (MCS) | 12/12/2016 | 310 NET | MCS3507 | 12/08/2016 | 12/12/2016 | Book |
